[Event "Gibraltar Challengers B 2019"]
[Site "Caleta"]
[Date "2019.01.29"]
[Round "4"]
[White "Garcia Rodriguez, Inaki"]
[Black "Garcia Lopez, Juan Antonio"]
[Result "1-0"]
[WhiteElo "1931"]
[BlackElo "1964"]
[Annotator "NA RC"]
[PlyCount "121"]
[EventDate "2019.01.18"]
[EventType "swiss"]
[EventCountry "GGB"]
[SourceTitle "playchess.com"]
[Source "ChessBase"]
[SourceQuality "1"]
[TimeControl "6600+10"]

1. d4 {[%emt 0:00:00]} Nf6 {[%emt 0:00:00]} 2. Bg5 {[%emt 0:00:04]} Ne4 {[%emt 0:00:19]} 3. Bh4 {[%emt 0:00:13]} d5 {[%emt 0:02:08]} 4. f3 {[%emt 0:00:25]} Nd6 {[%emt 0:00:14]} 5. Nd2 {[%emt 0:00:43]} Bf5 {[%emt 0:01:15] A45: Trompowsky Attack} (5... Nc6 6. c3 Bf5 7. g4 Bg6 8. Nh3 Qd7 9. Qb3 e6 10. Nf4 Na5 11. Qd1 Nac4 12. Nxc4 Nxc4 13. Qc1 {0-1 (30) Eliseev,A (2379)-Anton Guijarro,D (2642) St Petersburg 2018}) 6. c4 {[%emt 0:02:48]} c6 {[%emt 0:03:08]} 7. e3 {[%emt 0:05:10]} Qd7 $146 {[%emt 0:08:17]} ({Predecessor:} 7... Bg6 8. Qb3 dxc4 9. Nxc4 Nxc4 10. Bxc4 b5 11. Be2 Nd7 12. Rc1 Rc8 {1-0 (26) Rausis,I (2460)-Naumkin,I (2460) Moscow 1992}) 8. c5 {[%emt 0:02:49]} Nc8 {[%emt 0:02:34]} 9. Bg3 {[%emt 0:04:47]} e6 {[%emt 0:02:35]} 10. Ne2 {[%emt 0:02:55]} Bd3 {[%emt 0:01:37]} 11. Nf4 {[%emt 0:02:43]} Bxf1 {[%emt 0:00:02]} 12. Rxf1 {[%emt 0:00:04]} Be7 {[%emt 0:01:14]} 13. Nd3 {[%emt 0:00:11]} f6 {[%emt 0:00:20]} 14. Kf2 {[%emt 0:01:46]} O-O {[%emt 0:04:54]} 15. Kg1 {[%emt 0:00:14]} a5 {[%emt 0:01:02]} 16. a3 {[%emt 0:14:06]} Na6 {[%emt 0:07:45]} 17. Qc2 {[%emt 0:02:41]} Bd8 {[%emt 0:01:32]} 18. b4 {[%emt 0:04:16]} axb4 {[%emt 0:01:09]} 19. axb4 {[%emt 0:00:17]} Na7 {[%emt 0:00:34]} 20. Nb1 {[%emt 0:06:24]} Bc7 {[%emt 0:02:57]} 21. Bf2 {[%emt 0:00:38]} Nb5 {[%emt 0:04:37]} 22. Nc3 {[%emt 0:01:11]} e5 {[%emt 0:02:03]} 23. Nxb5 {[%emt 0:00:21]} cxb5 {[%emt 0:00:03]} 24. Qb3 {[%emt 0:03:49]} Kh8 {[%emt 0:02:47]} 25. dxe5 {[%emt 0:08:07]} fxe5 {[%emt 0:01:29]} 26. Bg3 {[%emt 0:03:41]} e4 {[%emt 0:12:23] [#]} 27. Bxc7 {[%emt 0:08:18]} (27. fxe4 $142 $1 dxe4 28. Ne5 Bxe5 29. Bxe5) 27... Nxc7 {[%emt 0:02:45]} 28. Rxa8 {[%emt 0:00:30]} Rxa8 {[%emt 0:00:15]} 29. fxe4 {[%emt 0:01:01]} dxe4 {[%emt 0:00:25]} 30. Ne5 {[%emt 0:00:24]} Qd5 {[%emt 0:00:27]} 31. Qc3 {[%emt 0:05:35]} Kg8 $1 {[%emt 0:03:13]} 32. c6 {[%emt 0:05:41]} bxc6 {[%emt 0:02:10]} 33. Nxc6 {[%emt 0:00:26]} Re8 {[%emt 0:00:52]} 34. Nd4 {[%emt 0:00:21]} Ne6 {[%emt 0:05:14]} 35. Nf5 {[%emt 0:05:53]} h6 {[%emt 0:03:45]} 36. h3 {[%emt 0:01:59]} Kh7 $1 {[%emt 0:00:29]} 37. Ng3 {[%emt 0:04:00]} Re7 {[%emt 0:07:14]} 38. Rf5 {[%emt 0:01:46]} Rc7 {[%emt 0:05:57]} 39. Qe5 {[%emt 0:00:37]} Rc1+ {[%emt 0:00:50]} 40. Kh2 $1 {[%emt 0:00:02]} Qxe5 {[%emt 0:07:07]} 41. Rxe5 {[%emt 0:00:03]} Nc7 {[%emt 0:00:45]} 42. Rxe4 {[%emt 0:01:40]} Rc4 {[%emt 0:01:09]} 43. Rxc4 {[%emt 0:00:05]} bxc4 {[%emt 0:00:04]} 44. e4 {[%emt 0:00:09]} Nb5 {[%emt 0:00:38]} 45. Ne2 {[%emt 0:00:14]} Kg6 {[%emt 0:01:26]} 46. Kg3 {[%emt 0:00:10]} Kf6 $18 {[%emt 0:00:10]} 47. Kf4 {[%emt 0:00:09]} g5+ {[%emt 0:00:13]} 48. Ke3 {[%emt 0:00:54]} Ke5 {[%emt 0:00:00]} 49. g4 {[%emt 0:01:22]} c3 {[%emt 0:00:30]} 50. Kd3 {[%emt 0:00:16]} c2 {[%emt 0:00:01]} 51. Kxc2 {[%emt 0:00:03]} Nd6 {[%emt 0:00:41]} 52. Nc3 {[%emt 0:02:13]} Kf4 {[%emt 0:00:02]} 53. Kd3 {[%emt 0:00:37]} Kg3 {[%emt 0:00:22]} 54. e5 {[%emt 0:00:13]} Nc8 {[%emt 0:00:20]} 55. Ke4 {[%emt 0:00:20]} Kxh3 {[%emt 0:00:03]} 56. Kf5 {[%emt 0:00:02]} Ne7+ {[%emt 0:02:56]} 57. Kf6 {[%emt 0:00:14]} Kxg4 {[%emt 0:00:20]} 58. Kxe7 {[%emt 0:00:06]} h5 {[%emt 0:00:01]} 59. Kf6 {[%emt 0:00:27]} h4 {[%emt 0:00:01]} 60. Ne4 {[%emt 0:00:06]} Kf4 {[%emt 0:00:54]} 61. Nxg5 {[%emt 0:00:07]} 1-0

[Event "Gibraltar Challengers B 2019"]
[Site "Caleta"]
[Date "2019.01.29"]
[Round "4"]
[White "Gillis Onieva, Celia"]
[Black "Herzwurm, Robert"]
[Result "1/2-1/2"]
[WhiteElo "1930"]
[BlackElo "2021"]
[Annotator "NA RC"]
[PlyCount "42"]
[EventDate "2019.01.18"]
[EventType "swiss"]
[EventCountry "GGB"]
[SourceTitle "playchess.com"]
[Source "ChessBase"]
[SourceQuality "1"]
[TimeControl "6600+10"]

1. d4 {[%emt 0:00:00]} Nf6 {[%emt 0:00:19]} 2. Nf3 {[%emt 0:00:11]} g6 {[%emt 0:00:08]} 3. c4 {[%emt 0:00:38]} Bg7 {[%emt 0:00:11]} 4. Nc3 {[%emt 0:00:07]} O-O {[%emt 0:00:11]} 5. e4 {[%emt 0:00:19]} d6 {[%emt 0:00:10]} 6. Be2 {[%emt 0:00:23]} e5 {[%emt 0:00:24]} 7. dxe5 {[%emt 0:00:23]} dxe5 {[%emt 0:00:14]} 8. Qxd8 {[%emt 0:00:11]} Rxd8 {[%emt 0:00:26]} 9. Bg5 {[%emt 0:00:13]} Re8 {[%emt 0:01:57]} 10. Nd5 {[%emt 0:00:47]} Nxd5 {[%emt 0:03:16]} 11. cxd5 {[%emt 0:00:08]} c6 {[%emt 0:03:24]} 12. Bc4 {[%emt 0:00:29]} cxd5 {[%emt 0:01:22]} 13. Bxd5 {[%emt 0:00:14]} Nc6 {[%emt 0:01:02]} 14. O-O-O {[%emt 0:04:17]} Be6 {[%emt 0:05:34] E92: King's Indian: Classical: 6 Be2 e5: 7 dxe5, 7 Be3 and Petrosian System without 7...Nbd7} (14... Nd4 15. Nxd4 exd4 16. f3 Be6 17. Bxe6 Rxe6 18. Kb1 f5 19. exf5 gxf5 20. Rd2 Rae8 21. Rc1 Re1 22. Rxe1 Rxe1+ {½-½ (40) Mirzoev,A (2523)-Paunovic,D (2520) Roquetas de Mar 2012}) 15. Bxe6 {[%emt 0:11:09]} Rxe6 {[%emt 0:01:23]} 16. Rd7 {[%emt 0:00:19]} Rb8 {[%emt 0:38:01]} 17. Kb1 {[%emt 0:04:11]} Kf8 $146 {[%emt 0:01:07]} ({Predecessor:} 17... Bf8 18. Be3 f6 19. Rhd1 Re7 20. Ng1 Kf7 21. Ne2 Rxd7 22. Rxd7+ {½-½ (43) Pokorny,P (2218)-Volak,M (2208) Czechia 2002}) 18. Rhd1 {[%emt 0:08:51]} Ke8 {[%emt 0:02:51]} 19. Rc7 {[%emt 0:07:53]} Bf8 {[%emt 0:05:30]} 20. Rcd7 {[%emt 0:18:52]} f6 {[%emt 0:17:26]} 21. Be3 $11 {[%emt 0:00:02]} Be7 {[%emt 0:00:01]} 1/2-1/2

[Event "Gibraltar Challengers B 2019"]
[Site "Caleta"]
[Date "2019.01.29"]
[Round "4"]
[White "Nandi, Robin J"]
[Black "Vinal Gutierrez, Pedro"]
[Result "1-0"]
[WhiteElo "1903"]
[BlackElo "1997"]
[Annotator "NA RC"]
[PlyCount "67"]
[EventDate "2019.01.18"]
[EventType "swiss"]
[EventCountry "GGB"]
[SourceTitle "playchess.com"]
[Source "ChessBase"]
[SourceQuality "1"]
[TimeControl "6600+10"]

1. d4 {[%emt 0:00:00]} e6 {[%emt 0:00:08]} 2. c4 {[%emt 0:00:29]} d5 {[%emt 0:00:02]} 3. Nf3 {[%emt 0:00:09]} c6 {[%emt 0:00:12]} 4. g3 {[%emt 0:00:16]} dxc4 {[%emt 0:00:14]} 5. Bg2 {[%emt 0:00:31]} b5 {[%emt 0:00:25]} 6. Ne5 {[%emt 0:03:31] D30: Queen's Gambit Declined: Systems without Nc3} Bb7 {[%emt 0:00:42]} 7. a4 {[%emt 0:02:26]} Qc8 {[%emt 0:01:54]} 8. O-O {[%emt 0:03:12]} Nf6 {[%emt 0:01:20]} 9. e4 {[%emt 0:02:40]} Be7 {[%emt 0:02:03]} 10. Nc3 {[%emt 0:03:40]} a6 {[%emt 0:08:58]} 11. d5 {[%emt 0:00:23]} b4 $146 {[%emt 0:01:41]} ({Predecessor:} 11... cxd5 12. exd5 b4 13. Nxf7 O-O 14. Ng5 bxc3 15. Nxe6 {½-½ (40) Postny,E (2653)-Stefanova,A (2505) Rethymno 2012}) 12. d6 {[%emt 0:04:44]} Bd8 {[%emt 0:01:55]} 13. Nb1 {[%emt 0:01:02]} c5 {[%emt 0:00:51]} 14. Re1 {[%emt 0:01:23]} Nbd7 {[%emt 0:01:30]} 15. Nxc4 {[%emt 0:00:42]} O-O {[%emt 0:01:46]} 16. a5 {[%emt 0:04:11]} e5 {[%emt 0:01:39]} 17. Nbd2 {[%emt 0:04:07]} Re8 {[%emt 0:01:20]} 18. b3 {[%emt 0:02:04]} Nb8 {[%emt 0:01:15]} 19. Bb2 {[%emt 0:02:37]} Nc6 {[%emt 0:00:53]} 20. Nf3 {[%emt 0:01:49]} Nd7 {[%emt 0:02:16]} 21. Bh3 {[%emt 0:01:29]} f6 {[%emt 0:02:22]} 22. Qd5+ {[%emt 0:07:29]} Kf8 {[%emt 0:01:27]} 23. Bxd7 {[%emt 0:06:02]} Qxd7 {[%emt 0:00:41]} 24. Qxc5 {[%emt 0:00:20]} Rc8 {[%emt 0:00:44]} 25. Qe3 {[%emt 0:04:57]} Nb8 {[%emt 0:07:28]} 26. Red1 {[%emt 0:07:02]} Bc6 {[%emt 0:04:24]} 27. Nh4 {[%emt 0:04:06]} Qb7 $2 {[%emt 0:02:40] [#]} (27... Bb5 $16 28. Rac1 Bxc4) 28. d7 $1 {[%emt 0:05:00]} Nxd7 {[%emt 0:00:25]} 29. Nd6 {[%emt 0:00:09] Double Attack} Qa8 {[%emt 0:00:32]} 30. Nxc8 {[%emt 0:00:49]} Qxc8 {[%emt 0:00:08]} 31. Nf5 {[%emt 0:01:19]} Re6 {[%emt 0:01:03]} 32. Qd2 {[%emt 0:03:01]} Qb8 {[%emt 0:00:48]} (32... Qb7 $142 33. Rac1 Bxa5) 33. Rac1 {[%emt 0:01:05]} Bb5 $18 {[%emt 0:01:43]} 34. Qxb4+ {[%emt 0:00:27]} 1-0

[Event "Gibraltar Challengers B 2019"]
[Site "Caleta"]
[Date "2019.01.29"]
[Round "4"]
[White "Obiamiwe, Paul"]
[Black "Kandic, Milan"]
[Result "0-1"]
[WhiteElo "1903"]
[BlackElo "2136"]
[Annotator "NA RC"]
[PlyCount "88"]
[EventDate "2019.01.18"]
[EventType "swiss"]
[EventCountry "GGB"]
[SourceTitle "playchess.com"]
[Source "ChessBase"]
[SourceQuality "1"]
[TimeControl "6600+10"]

1. Nf3 {[%emt 0:16:31]} d5 {[%emt 0:00:01]} 2. d4 {[%emt 0:00:25]} Nf6 {[%emt 0:00:05]} 3. c4 {[%emt 0:00:07]} e6 {[%emt 0:00:07]} 4. Nc3 {[%emt 0:00:03]} Be7 {[%emt 0:00:09]} 5. Bg5 {[%emt 0:00:09]} c6 {[%emt 0:00:16]} 6. e3 {[%emt 0:00:19]} O-O {[%emt 0:00:06]} 7. Be2 {[%emt 0:00:07]} Nbd7 {[%emt 0:00:30]} 8. O-O {[%emt 0:00:06]} Ne4 {[%emt 0:00:48]} 9. Bxe7 {[%emt 0:00:07]} Qxe7 {[%emt 0:00:04]} 10. Rc1 {[%emt 0:00:02]} f5 {[%emt 0:00:10]} 11. Qc2 {[%emt 0:00:48]} Ndf6 {[%emt 0:03:36]} (11... b6 12. a3 Bb7 13. Rfd1 Rfc8 14. Qb3 h6 15. c5 Rab8 16. cxb6 axb6 17. Nd2 Nxc3 18. bxc3 Ra8 19. Ra1 {½-½ (67) Sultana,S (1975)-Uten (2113) Dhaka 2018}) 12. Ne5 {[%emt 0:01:03]} Nd7 {[%emt 0:01:29]} 13. Nf3 {[%emt 0:01:13]} g5 {[%emt 0:07:08] D53: Queen's Gambit Declined: 4 Bg5 Be7: Early deviations} 14. Nd2 $146 {[%emt 0:13:02]} ({Predecessor:} 14. Rfd1 g4 15. Nd2 h5 16. f3 Nxc3 17. Qxc3 Nf6 18. c5 Bd7 19. Rf1 Rae8 20. f4 Rf7 21. b4 a6 22. a4 Ra8 23. Bd3 Rg7 24. g3 Be8 25. Rc2 {1-0 (23) Hansen,H-Stoere,T Norway 1998}) 14... Nxd2 {[%emt 0:02:53]} 15. Qxd2 {[%emt 0:00:23]} Nf6 {[%emt 0:00:14]} 16. f3 {[%emt 0:01:10]} Bd7 {[%emt 0:00:22]} 17. e4 {[%emt 0:04:48]} f4 {[%emt 0:01:14]} 18. e5 {[%emt 0:02:17]} Nh5 {[%emt 0:02:16]} 19. cxd5 {[%emt 0:02:39]} exd5 {[%emt 0:00:52]} 20. Bd3 {[%emt 0:01:18]} Ng7 {[%emt 0:00:47]} 21. Nd1 {[%emt 0:01:41]} Bf5 {[%emt 0:02:53]} 22. Nf2 {[%emt 0:01:40]} Rac8 {[%emt 0:01:19]} 23. b4 {[%emt 0:04:12]} Bxd3 {[%emt 0:04:11]} 24. Nxd3 {[%emt 0:00:19]} Nf5 {[%emt 0:00:08]} 25. Nc5 {[%emt 0:01:03]} Ne3 {[%emt 0:02:14]} 26. Rf2 {[%emt 0:05:19]} b6 {[%emt 0:00:36]} 27. Nd3 {[%emt 0:00:38]} Qe6 {[%emt 0:01:28]} 28. Re2 {[%emt 0:04:35]} Nc4 {[%emt 0:00:44]} 29. Qd1 {[%emt 0:02:50]} Rf7 {[%emt 0:03:13]} 30. Qe1 {[%emt 0:07:49]} Rfc7 {[%emt 0:03:47]} 31. Rc3 {[%emt 0:06:49]} h6 {[%emt 0:06:37]} 32. Kh1 {[%emt 0:04:49]} Rg7 {[%emt 0:18:04]} 33. Qf2 {[%emt 0:05:54]} Rf8 {[%emt 0:02:48]} 34. Rc1 {[%emt 0:03:00]} h5 {[%emt 0:03:17]} 35. g3 {[%emt 0:03:40]} fxg3 {[%emt 0:01:54]} 36. Qxg3 {[%emt 0:00:48]} Qf5 {[%emt 0:00:33]} 37. Ne1 {[%emt 0:07:41]} g4 {[%emt 0:01:48]} 38. Rg2 {[%emt 0:01:03]} Rff7 {[%emt 0:09:27]} 39. Qh4 {[%emt 0:00:32]} gxf3 {[%emt 0:02:10]} 40. Rxg7+ {[%emt 0:01:17]} Rxg7 {[%emt 0:00:14]} 41. Qf2 {[%emt 0:00:16]} Qf4 {[%emt 0:06:32]} 42. Rc3 $1 {[%emt 0:00:29]} Nd2 {[%emt 0:01:12]} 43. Nxf3 $19 {[%emt 0:01:39]} (43. Rc2 $15 Nc4 44. Nxf3) 43... Ne4 {[%emt 0:00:30]} 44. Qe3 {[%emt 0:00:18]} Qxe3 {[%emt 0:03:16]} 0-1

[Event "Gibraltar Challengers B 2019"]
[Site "Caleta"]
[Date "2019.01.29"]
[Round "4"]
[White "Gostelow, David W"]
[Black "Fegan, Chris"]
[Result "1/2-1/2"]
[WhiteElo "1850"]
[BlackElo "2024"]
[Annotator "NA RC"]
[PlyCount "102"]
[EventDate "2019.01.18"]
[EventType "swiss"]
[EventCountry "GGB"]
[SourceTitle "playchess.com"]
[Source "ChessBase"]
[SourceQuality "1"]
[TimeControl "6600+10"]

1. d4 {[%emt 0:00:00]} d5 {[%emt 0:00:00]} 2. Bf4 {[%emt 0:00:00]} Nf6 {[%emt 0:00:57]} 3. e3 {[%emt 0:00:00]} c5 {[%emt 0:01:38]} 4. c3 {[%emt 0:01:30]} Qb6 {[%emt 0:00:49]} 5. Qb3 {[%emt 0:03:07] D00: 1 d4 d5: Unusual lines} Nc6 {[%emt 0:05:00]} 6. Na3 {[%emt 0:11:34]} (6. Nd2 c4 7. Qc2 Nh5 8. Bg5 h6 9. Bh4 g5 10. Be2 Ng7 11. Bg3 Bf5 12. Qc1 e6 {1-0 (41) Carlsen,M (2832)-So,W (2812) Leuven 2017}) 6... cxd4 $146 {[%emt 0:10:54]} ({Predecessor:} 6... c4 7. Qxb6 axb6 8. Nf3 Bf5 9. Nb5 Ra5 10. a4 Bc2 11. Be2 Bxa4 12. Nc7+ Kd7 13. Ne5+ Nxe5 14. dxe5 Kxc7 15. exf6+ Kc6 16. fxe7 Bxe7 {0-1 (29) Kaufman,R (2292)-Durarbayli,V (2596) Las Vegas 2016}) 7. Qxb6 {[%emt 0:03:28]} axb6 {[%emt 0:00:04]} 8. Nb5 {[%emt 0:00:19]} Ra5 {[%emt 0:02:39]} 9. exd4 {[%emt 0:04:50]} Na7 {[%emt 0:19:33]} 10. Nxa7 {[%emt 0:15:45]} Rxa7 {[%emt 0:00:05]} 11. Bc7 {[%emt 0:00:10]} Nd7 {[%emt 0:01:05]} 12. Bb5 {[%emt 0:00:44]} Ra5 {[%emt 0:00:36]} 13. a4 {[%emt 0:00:32]} e6 {[%emt 0:01:12]} 14. b4 {[%emt 0:01:49]} Ra8 {[%emt 0:00:39]} 15. Bxb6 {[%emt 0:01:36]} Bd6 {[%emt 0:02:09]} 16. Nf3 {[%emt 0:03:09]} Ke7 {[%emt 0:00:58]} 17. Bc5 {[%emt 0:01:03]} Nxc5 {[%emt 0:01:55]} 18. dxc5 {[%emt 0:02:25]} Bc7 {[%emt 0:00:30]} 19. c6 {[%emt 0:03:53]} Rd8 {[%emt 0:02:56]} 20. Ke2 {[%emt 0:06:52]} (20. a5 $16) 20... e5 {[%emt 0:01:03]} 21. Rhd1 {[%emt 0:00:44]} h6 {[%emt 0:02:19]} (21... b6 $14) 22. h3 {[%emt 0:00:43]} ({Better is} 22. a5) 22... Rb8 {[%emt 0:01:19]} 23. Rd2 {[%emt 0:02:43]} g5 {[%emt 0:06:06]} 24. Kf1 {[%emt 0:10:13]} f5 {[%emt 0:01:55]} 25. Rad1 {[%emt 0:00:55]} Ke6 {[%emt 0:04:07] [#]} (25... bxc6 $14 26. Bxc6 d4) 26. Re1 {[%emt 0:02:20]} ({Better is} 26. Ne1 $1 $16) 26... Kf6 {[%emt 0:01:41]} 27. Red1 {[%emt 0:02:21]} (27. cxb7 $16 Bxb7 28. Rde2) 27... Ke6 {[%emt 0:02:12] [#]} 28. a5 {[%emt 0:00:33]} g4 {[%emt 0:06:38]} (28... bxc6 $11 29. Bxc6 d4) 29. hxg4 {[%emt 0:03:14]} fxg4 {[%emt 0:00:10]} 30. Ne1 {[%emt 0:00:21]} bxc6 $14 {[%emt 0:05:21]} 31. Bxc6 {[%emt 0:00:33]} Ba6+ {[%emt 0:00:58]} 32. Kg1 {[%emt 0:01:02]} Bc4 {[%emt 0:00:35]} 33. Ra1 {[%emt 0:04:54]} Rd6 {[%emt 0:02:31]} 34. Ba4 {[%emt 0:00:03]} d4 {[%emt 0:00:50]} 35. Nd3 {[%emt 0:06:37]} (35. g3 $16) 35... dxc3 {[%emt 0:07:13]} 36. Nc5+ {[%emt 0:00:10]} Ke7 {[%emt 0:00:31]} 37. Rc2 {[%emt 0:00:47]} Rxb4 {[%emt 0:01:25]} 38. Rxc3 {[%emt 0:00:17]} Bxa5 {[%emt 0:01:18]} 39. Re3 {[%emt 0:00:21]} Bb6 {[%emt 0:02:35]} 40. Rxe5+ {[%emt 0:00:57]} Kf6 {[%emt 0:01:42]} 41. Rh5 {[%emt 0:00:12]} Kg6 {[%emt 0:01:50]} 42. Re5 {[%emt 0:00:05]} Bf7 {[%emt 0:03:58]} 43. Bc2+ {[%emt 0:00:37]} Kg7 {[%emt 0:00:16]} 44. Rae1 {[%emt 0:02:34]} Rc4 {[%emt 0:02:01]} 45. Ne4 {[%emt 0:00:32]} Rxc2 {[%emt 0:01:09]} 46. Nxd6 {[%emt 0:00:07]} Bxf2+ {[%emt 0:00:02]} 47. Kh2 {[%emt 0:02:17]} Bxe1 {[%emt 0:00:37]} 48. Rxe1 {[%emt 0:00:54]} Bd5 {[%emt 0:00:29]} 49. Nf5+ {[%emt 0:00:05]} Kf6 {[%emt 0:00:31]} 50. Ne3 {[%emt 0:00:02]} Rd2 {[%emt 0:00:01]} 51. Nxg4+ {[%emt 0:00:46]} Kg5 {[%emt 0:00:12]} 1/2-1/2

[Event "Gibraltar Challengers B 2019"]
[Site "Caleta"]
[Date "2019.01.29"]
[Round "4"]
[White "Erdogan, Hassan"]
[Black "Cano Sevilla, Ivan"]
[Result "0-1"]
[WhiteElo "1833"]
[BlackElo "1950"]
[Annotator "NA RC"]
[PlyCount "72"]
[EventDate "2019.01.18"]
[EventType "swiss"]
[EventCountry "GGB"]
[SourceTitle "playchess.com"]
[Source "ChessBase"]
[SourceQuality "1"]
[TimeControl "6600+10"]

{[%evp 30,69,-81,32767,32767,32767,32767,-134,32767,32767,32767,-266,-314,-277,-172,-183,-167,-211,-219,-248,-291,-232,-325,-410,-543,-454,-560,32767,-645,-701,-772,-815,-1575,-1316,-1467,32767,-1619,32767,32767,-29989,-29990,-29990]} 1. d4 {[%emt 0:00:00]} Nf6 {[%emt 0:00:00]} 2. Bf4 {[%emt 0:00:05]} d5 {[%emt 0:00:01]} 3. e3 {[%emt 0:00:00]} c5 {[%emt 0:00:02]} 4. c3 {[%emt 0:00:06]} Nc6 {[%emt 0:00:02]} 5. Nf3 {[%emt 0:01:25]} Qb6 {[%emt 0:00:15]} 6. Qb3 {[%emt 0:00:39]} c4 {[%emt 0:00:00]} 7. Qxb6 {[%emt 0:01:16]} axb6 {[%emt 0:00:00]} 8. Na3 {[%emt 0:02:06]} Na7 {[%emt 0:00:00] D02: 1 d4 d5 2 Nf3 sidelines, including 2...Nf6 3 g3 and 2...Nf6 3 Bf4} (8... Bf5 9. Nb5 Kd7 10. Be2 e6 11. O-O Ra5 12. a4 Bc2 13. Ng5 Bg6 14. Rfc1 Be7 15. Nf3 Rha8 16. Nc7 Rc8 {0-1 (35) Javakhishvili,L (2465)-Girya,O (2482) Tbilisi 2018}) 9. h3 {[%emt 0:03:43]} e5 {[%emt 0:00:03]} 10. dxe5 {[%emt 0:06:09]} Bxa3 {[%emt 0:00:07]} 11. bxa3 {[%emt 0:05:34]} Ne4 {[%emt 0:00:05]} 12. g4 $146 {[%emt 0:15:13]} ({Predecessor:} 12. Nd4 O-O 13. Rc1 Nc6 14. Nb5 Ra5 15. Rb1 Na7 16. Nxa7 Rxa7 {0-1 (24) Lenz,J (1083)-Kirch,B (1471) LSS email 2013}) 12... Nb5 {[%emt 0:01:18]} 13. Nd4 {[%emt 0:03:07]} Nexc3 {[%emt 0:14:49]} 14. Nxb5 {[%emt 0:17:52]} Nxb5 {[%emt 0:00:03]} 15. Bg2 {[%emt 0:00:08]} Nc3 {[%emt 0:05:27]} 16. e6 {[%emt 0:10:51]} Bxe6 {[%emt 0:08:43]} 17. Be5 {[%emt 0:00:11]} Rxa3 {[%emt 0:03:40]} 18. Bxg7 {[%emt 0:01:00]} Rg8 {[%emt 0:00:03]} 19. Bd4 {[%emt 0:00:45]} b5 {[%emt 0:01:15]} 20. Bf6 {[%emt 0:01:05]} (20. Bxc3 $17 {was necessary.} Rxc3 21. Rb1) 20... Kd7 {[%emt 0:03:19]} ({Not} 20... Nxa2 21. f4 $17) 21. f4 {[%emt 0:00:02]} Ne4 {[%emt 0:01:31]} ({Don't do} 21... Rxa2 22. Rxa2 Nxa2 23. Rh2 $17) 22. Bxe4 {[%emt 0:03:18]} dxe4 {[%emt 0:00:07]} ({Don't play} 22... Rxe3+ 23. Kd2 $17) 23. O-O-O+ {[%emt 0:00:12]} Kc6 {[%emt 0:01:11]} 24. f5 {[%emt 0:00:12] [#]} Bd5 $1 {[%emt 0:00:34]} ({And not} 24... Rxe3 25. fxe6 fxe6 26. Rhe1 $16) 25. Rd4 {[%emt 0:00:22]} Rxe3 {[%emt 0:00:35]} 26. g5 {[%emt 0:07:02]} Ra8 {[%emt 0:02:36]} 27. Rhd1 {[%emt 0:00:39]} Rd3 {[%emt 0:00:06]} 28. R1xd3 {[%emt 0:01:07]} cxd3 {[%emt 0:00:59]} 29. h4 {[%emt 0:00:56]} Rxa2 {[%emt 0:00:25]} 30. Be5 {[%emt 0:00:51]} Kc5 {[%emt 0:02:19]} 31. h5 {[%emt 0:01:43]} Rg2 {[%emt 0:01:15]} 32. Bf6 {[%emt 0:00:31]} Rf2 {[%emt 0:01:32]} 33. g6 {[%emt 0:00:12]} fxg6 {[%emt 0:00:06]} 34. fxg6 {[%emt 0:00:07]} Rxf6 {[%emt 0:00:42]} 35. Rxd5+ {[%emt 0:00:09]} Kxd5 {[%emt 0:00:07]} 36. g7 {[%emt 0:00:01]} Rf1+ {[%emt 0:00:01]} 0-1

[Event "Gibraltar Challengers B 2019"]
[Site "Caleta"]
[Date "2019.01.29"]
[Round "4"]
[White "Maldonado Mena, German"]
[Black "Villar Reymundo, Juan Antonio"]
[Result "0-1"]
[WhiteElo "1808"]
[BlackElo "2237"]
[Annotator "RC"]
[PlyCount "52"]
[EventDate "2019.01.18"]
[EventType "swiss"]
[EventCountry "GGB"]
[SourceTitle "playchess.com"]
[Source "ChessBase"]
[SourceQuality "1"]
[TimeControl "6600+10"]

1. d4 {[%emt 0:00:03]} Nf6 {[%emt 0:06:52]} 2. Bf4 {[%emt 0:00:13]} b5 {[%emt 0:00:16]} 3. e3 {[%emt 0:00:37]} a6 {[%emt 0:00:08]} 4. Qf3 {[%emt 0:03:46]} d5 {[%emt 0:00:45]} 5. Bd3 {[%emt 0:03:07]} Bb7 {[%emt 0:01:51]} 6. Nd2 {[%emt 0:00:37]} Nbd7 {[%emt 0:01:00]} 7. e4 {[%emt 0:04:04]} dxe4 {[%emt 0:03:15]} 8. Nxe4 {[%emt 0:00:19]} Qc8 {[%emt 0:00:46]} 9. g4 {[%emt 0:05:43]} e6 {[%emt 0:02:10]} 10. g5 {[%emt 0:07:07]} Nd5 {[%emt 0:00:44]} 11. Bd2 {[%emt 0:02:20]} c5 {[%emt 0:03:43]} 12. c3 {[%emt 0:02:49]} Qc6 {[%emt 0:03:07]} 13. Ng3 {[%emt 0:01:17]} Qb6 {[%emt 0:19:44]} 14. Qg4 {[%emt 0:05:51]} cxd4 {[%emt 0:01:18]} 15. cxd4 {[%emt 0:00:34]} Nb4 {[%emt 0:24:03]} 16. Be4 {[%emt 0:03:59]} f5 {[%emt 0:01:43]} 17. gxf6 {[%emt 0:04:37]} Nxf6 {[%emt 0:00:16]} 18. Qf3 {[%emt 0:05:15]} Nxe4 {[%emt 0:03:55]} 19. Nxe4 {[%emt 0:01:30]} Nc2+ {[%emt 0:00:16]} 20. Kf1 {[%emt 0:00:51]} Nxa1 {[%emt 0:00:55]} 21. Qh5+ {[%emt 0:00:16]} Kd7 {[%emt 0:01:59]} 22. Qf7+ {[%emt 0:00:43]} Kc8 {[%emt 0:00:43]} 23. Qe8+ {[%emt 0:00:30]} Qd8 {[%emt 0:00:14]} 24. Qxe6+ {[%emt 0:01:29]} Qd7 {[%emt 0:00:06]} 25. Qe5 {[%emt 0:01:56]} Bc6 {[%emt 0:02:00]} 26. Bf4 {[%emt 0:02:11]} Kb7 {[%emt 0:00:35]} 0-1